000 00666nam a2200241Ia 4500
003 OSt
005 20220928130222.0
006 a|||||r|||| 00| 0
007 ta
008 220927b |||||||| |||| 00| 0 eng d
024 _a82782
037 _cTextual
040 _aSDCL
_cSDCL
_beng
041 _2eng
_aeng
082 _aG9X:424, P7
100 _aOkafor Nduka
_9465825
245 0 _aModern industrial microbiology and biotechnology
260 _aEnfield
_bScience Publishers
_c2007
300 _axx,530p
_ccm.
650 _aMicrobiology Industrial
_9422441
942 _hG9X:424, P7
_cTEXL
_2CC
999 _c785724
_d785724